=LDR 00000nam 2200000 4500 =001 INLIS000000000033124 =005 20140319100454.0 =006 =007 =008 ind =035 ##$$0010-061300000033124 =041 ##$$a ind =082 ##$$a 658.8 =090 ##$$a 658.8, Sum s =100 ##$$a Sumanegara,Rd =245 ##$$a Strategic marketing communication = konsep strategis dan terapan/Rd. Soemanegara =260 ##$$a 2008 $b Bandung =300 ##$$a x,173 hlm., 24 cm =650 ##$$a Manajemen Pemasaran =850 ##$$a NBPNMAT =990 ##$$a 90558/BPAP-NTB/2014 =990 ##$$a 21400613/BPAP-NTB/20142014 =990 ##$$a 0179/BPAP-NTB/2015 =990 ##$$a 0001/BPAP-NTB/2015 =990 ##$$a 33553355 =990 ##$$a 20703172 =990 ##$$a 90558/BPAP-NTB/2014 =990 ##$$a 21400613/BPAP-NTB/20142014 =990 ##$$a 0179/BPAP-NTB/2015 =990 ##$$a 0001/BPAP-NTB/2015